00589nam a22001697a 4500008004100000020001800041082001100059100002200070245007600092260002800168300000800196650001100204796002200215942001200237999001700249952015300266230919b |||||||| |||| 00| 0 eng d a81-7319-315-0 a105.32 aA.K. Mukhopadhyay aMicroprocessor Microcomputers and their ApplicationscA.K. Mukhopadhyay aNew DelhibNarosac2002 a339 aBB CSE aA.K. Mukhopadhyay 2ddccBK c20160d20160 pBB 1211l0eDonatedr2025-05-17 00:00:00w2023-09-19yBK004070aMIETLIBbMIETLIBcBL-Academic Block B, FL-2, CUP-194, SH5, R-5d2023-09-1910HBB